000 00314nam a22001337a 4500
008 170921b xxu||||| |||| 00| 0 eng d
020 _a9780060963514
041 _aeng
080 _a7
100 _a45
101 _aART
245 _aHISTORICAL ATLAS OF WORLD MMYTHOLOGY
_cCAMPBELL.J
942 _2udc
_cBK
999 _c28656
_d28656